Pre-20th Century U.S. Presdients - Sudden Death - Statistics

General Stats
  • This quiz has been taken 133 times
  • The average score is 10 of 16
Answers on the Grid
Answers color-coded by a green-red scale on the quiz's grid according to % correct below.
Adams
Arthur
Berkeley
Burr
Carter
Chesterfield
Cleveland
Clinton
Coolidge
Crawford
Fillmore
Ford
Garfield
Harding
Harrison
Hayes
Jackson
Jefferson
Lincoln
Madison
Monroe
Montgomery
Polk
Taft
Tyler
Van Buren
Washington
White
Williams
York
 
Answer Stats
Answer % Correct
Adams
89%
Jefferson
69%
Fillmore
63%
Polk
63%
Washington
61%
Lincoln
59%
Monroe
59%
Van Buren
59%
Hayes
57%
Madison
57%
Cleveland
56%
Garfield
56%
Harrison
56%
Jackson
56%
Arthur
54%
Tyler
54%
No matching quizzes found
Score Distribution
Percent of People with Each Score
Percentile by Number Answered
Your Score History
You have not taken this quiz